[Event "Montreal Perce Neige"]
[Site "Montreal"]
[Date "2019.03.30"]
[Round "2.6"]
[White "Forget, Luc"]
[Black "Steinberg, Ellis"]
[Result "1-0"]
[WhiteElo "1957"]
[BlackElo "1874"]
[PlyCount "135"]
[EventDate "2019.03.30"]
[EventType "swiss"]
[EventRounds "4"]
[EventCountry "CAN"]
[SourceTitle "EXT 2022"]
[Source "ChessBase"]
[SourceDate "2021.10.06"]
[SourceVersion "1"]
[SourceVersionDate "2021.10.06"]
[SourceQuality "1"]

1. d4 Nf6 2. c4 g6 3. Nc3 Bg7 4. e4 d6 5. f3 0-0 6. Be3 e5 7. Nge2 exd4 8. Nxd4 Nc6 9. Nb3 a5 10. a3 Nd7 11. Qd2 a4 12. Nd4 Nxd4 13. Bxd4 Bxd4 14. Qxd4 Nc5 15. Rd1 Qh4+ 16. g3 Qd8 17. Bg2 f5 18. 0-0 Qf6 19. Qxf6 Rxf6 20. exf5 Bxf5 21. Rfe1 Rf7 22. Re3 Kf8 23. f4 Re8 24. Rde1 Rxe3 25. Rxe3 c6 26. Bf3 Re7 27. Rxe7 Kxe7 28. Bd1 Bd3 29. Nxa4 Nxa4 30. Bxa4 Bxc4 31. Kf2 Kf6 32. Ke3 h6 33. Bc2 Be6 34. b4 Bg4 35. a4 Be6 36. Bd3 Bd7 37. a5 Be8 38. Bf1 Bd7 39. Bg2 Ke7 40. Bf3 Kd8 41. g4 Kc7 42. h4 b6 43. Be4 bxa5 44. bxa5 Bxg4 45. Bxg6 Bc8 46. f5 Kd7 47. f6 Ba6 48. Bf5+ Ke8 49. Be6 Kf8 50. Kf4 c5 51. Bd5 Bd3 52. Ke3 Ba6 53. Ke4 Bc8 54. Bc4 Bb7+ 55. Kf5 d5 56. Be2 c4 57. Ke5 c3 58. Bd3 Kf7 59. h5 Kf8 60. Bg6 Ba6 61. Kxd5 Be2 62. Kd4 Bxh5 63. Bf5 Bg4 64. a6 Bf3 65. Kxc3 Kf7 66. Kd4 Kxf6 67. Be4 Bxe4 68. Kxe4 1-0

[Event "Canadian op"]
[Site "Quebec"]
[Date "2018.07.12"]
[Round "7"]
[White "Forget, Luc"]
[Black "Mercure, Gilbert"]
[Result "1-0"]
[WhiteElo "1889"]
[BlackElo "1760"]
[PlyCount "117"]
[EventDate "2018.07.07"]
[EventType "swiss"]
[EventRounds "9"]
[EventCountry "CAN"]
[SourceTitle "EXT 2019"]
[Source "ChessBase"]
[SourceDate "2018.10.10"]
[SourceVersion "1"]
[SourceVersionDate "2018.10.10"]
[SourceQuality "1"]

1. d4 d5 2. Nf3 Nc6 3. c4 Bg4 4. cxd5 Bxf3 5. gxf3 Qxd5 6. e3 e5 7. Nc3 Bb4 8. Bd2 Bxc3 9. bxc3 Qd6 10. Rb1 exd4 11. cxd4 0-0-0 12. Bh3+ Kb8 13. 0-0 Nh6 14. Qc2 Qg6+ 15. Qxg6 hxg6 16. f4 f5 17. Bg2 Rd6 18. Bc3 Nd8 19. d5 Ng4 20. Bxg7 Rxh2 21. Be5 Rd7 22. Rfc1 Rhh7 23. a4 Rhe7 24. Bd4 Rh7 25. a5 Nf7 26. Rc6 Nd6 27. Rc2 Rhf7 28. Rcb2 Nf6 29. Be5 Nfe4 30. Bxe4 fxe4 31. f3 exf3 32. Bxd6 cxd6 33. Kf2 Rf5 34. Rd2 g5 35. Kxf3 gxf4 36. exf4 Rdf7 37. Rb4 Rh7 38. a6 b6 39. Re4 Rc7 40. Re8+ Rc8 41. Rxc8+ Kxc8 42. Kg4 Rf8 43. f5 Kd7 44. Rh2 Ke7 45. Rc2 Rg8+ 46. Kf4 Kd7 47. f6 Rg1 48. Kf5 Rf1+ 49. Kg6 Rg1+ 50. Kf7 Rd1 51. Re2 Rxd5 52. Re7+ Kc6 53. Rxa7 Rd1 54. Re7 b5 55. a7 Ra1 56. Ke8 b4 57. f7 b3 58. f8Q b2 59. Qf3+ 1-0

[Event "Canadian op"]
[Site "Quebec"]
[Date "2018.07.10"]
[Round "5"]
[White "Forget, Luc"]
[Black "Chang, Alexander Rz"]
[Result "0-1"]
[WhiteElo "1889"]
[BlackElo "1597"]
[PlyCount "86"]
[EventDate "2018.07.07"]
[EventType "swiss"]
[EventRounds "9"]
[EventCountry "CAN"]
[SourceTitle "EXT 2019"]
[Source "ChessBase"]
[SourceDate "2018.10.10"]
[SourceVersion "1"]
[SourceVersionDate "2018.10.10"]
[SourceQuality "1"]

1. d4 Nf6 2. c4 e6 3. Nf3 d5 4. g3 Be7 5. Bg2 0-0 6. 0-0 c6 7. Qc2 Nbd7 8. Rd1 b6 9. Nbd2 Bb7 10. b3 Rc8 11. Bb2 Qc7 12. Rac1 dxc4 13. Nxc4 c5 14. Qb1 Qb8 15. Nfe5 Bxg2 16. Nxd7 Nxd7 17. Kxg2 cxd4 18. Bxd4 Rfd8 19. e4 Bf6 20. Bxf6 Nxf6 21. f3 b5 22. Ne3 Qb6 23. Rxc8 Rxc8 24. Qd3 h6 25. h4 Qc5 26. Qd4 Qxd4 27. Rxd4 Rc5 28. Rd2 Kf8 29. Rc2 Nd7 30. Kf2 Ke7 31. Ke2 Rxc2+ 32. Nxc2 Kd6 33. Ke3 Ne5 34. Ke2 Kc5 35. Ke3 Nc6 36. a3 a5 37. h5 a4 38. bxa4 bxa4 39. f4 Kc4 40. Kd2 Kb3 41. g4 f6 42. Kd3 e5 43. f5 Na7 0-1

[Event "Canadian op"]
[Site "Quebec"]
[Date "2018.07.09"]
[Round "4"]
[White "Bluteau, Yvon"]
[Black "Forget, Luc"]
[Result "0-1"]
[WhiteElo "1758"]
[BlackElo "1889"]
[PlyCount "124"]
[EventDate "2018.07.07"]
[EventType "swiss"]
[EventRounds "9"]
[EventCountry "CAN"]
[SourceTitle "EXT 2019"]
[Source "ChessBase"]
[SourceDate "2018.10.10"]
[SourceVersion "1"]
[SourceVersionDate "2018.10.10"]
[SourceQuality "1"]

1. Nf3 d5 2. d4 Nf6 3. g3 c6 4. Bg2 Bg4 5. h3 Bh5 6. 0-0 e6 7. Nbd2 Bd6 8. c4 Nbd7 9. b3 0-0 10. Bb2 Bxf3 11. Nxf3 Ne4 12. Qe1 a5 13. c5 Bc7 14. Nd2 f5 15. Nxe4 fxe4 16. Rc1 Qe7 17. Qd2 Rf7 18. Bc3 e5 19. Qe3 h5 20. h4 exd4 21. Bxd4 Be5 22. Bh3 Qf6 23. Bxe5 Nxe5 24. a4 Rd8 25. Qc3 Ra8 26. Qe3 Ng4 27. Bxg4 hxg4 28. Rcd1 Qe5 29. Qd4 Qxd4 30. Rxd4 g5 31. hxg5 Kg7 32. Kg2 Kg6 33. e3 Rh8 34. b4 Kxg5 35. b5 Kf5 36. Rdd1 Ke5 37. bxc6 bxc6 38. Rh1 Rfh7 39. Rxh7 Rxh7 40. Rb1 d4 41. exd4+ Kxd4 42. Rb6 Rc7 43. Ra6 Kxc5 44. Rxa5+ Kd4 45. Rg5 c5 46. Rxg4 Kd3 47. Rg5 c4 48. Rd5+ Kc2 49. Rd4 c3 50. Rxe4 Kb3 51. Re1 c2 52. Rc1 Kb2 53. Re1 c1Q 54. Rxc1 Rxc1 55. f4 Kc3 56. Kf3 Kd4 57. Kg4 Ra1 58. Kg5 Rxa4 59. Kg6 Ra6+ 60. Kf5 Ra5+ 61. Kg4 Ke4 62. Kh3 Kf5 0-1

[Event "Montreal Perce Neige"]
[Site "Montreal"]
[Date "2018.04.08"]
[Round "4.1"]
[White "Craciun, David"]
[Black "Forget, Luc"]
[Result "0-1"]
[WhiteElo "1847"]
[BlackElo "1896"]
[PlyCount "40"]
[EventDate "2018.04.??"]
[EventType "swiss"]
[EventRounds "4"]
[EventCountry "CAN"]
[SourceTitle "EXT 2022"]
[Source "ChessBase"]
[SourceDate "2021.10.06"]
[SourceVersion "1"]
[SourceVersionDate "2021.10.06"]
[SourceQuality "1"]

1. d4 Nf6 2. Bf4 d5 3. c4 dxc4 4. Nc3 Nd5 5. Nxd5 Qxd5 6. Bxc7 e5 7. e3 Bb4+ 8. Ke2 exd4 9. Qxd4 Qxd4 10. exd4 Nc6 11. Nf3 Bg4 12. Rd1 0-0 13. Bf4 Rfe8+ 14. Be3 Rad8 15. a3 Ba5 16. d5 Ne5 17. h3 Nd3 18. g3 Bh5 19. Bg2 Nxb2 20. Rb1 c3 0-1

[Event "Montreal Varennes op"]
[Site "Montreal"]
[Date "2017.10.07"]
[Round "2"]
[White "Robichaud, Louis"]
[Black "Forget, Luc"]
[Result "1-0"]
[WhiteElo "2056"]
[BlackElo "1912"]
[PlyCount "63"]
[EventDate "2017.10.06"]
[EventType "swiss"]
[EventRounds "5"]
[EventCountry "CAN"]
[SourceTitle "CBM 181 Extra"]
[Source "ChessBase"]
[SourceDate "2017.12.12"]
[SourceVersion "1"]
[SourceVersionDate "2017.12.12"]
[SourceQuality "1"]

1. e4 e6 2. d3 d5 3. Nd2 c5 4. g3 Nc6 5. Bg2 Nf6 6. Ngf3 g6 7. 0-0 Bg7 8. exd5 Nxd5 9. Ne4 Qe7 10. Bg5 Nf6 11. d4 h6 12. Bxf6 Bxf6 13. Nxf6+ Qxf6 14. dxc5 0-0 15. c3 Kg7 16. Qe2 a5 17. Rfe1 a4 18. Nd2 Kh7 19. Nc4 Ra7 20. Rad1 Ne7 21. Ne5 Re8 22. Qb5 Rg8 23. Rd4 Rf8 24. Rxa4 Rxa4 25. Qxa4 Rd8 26. Qc2 Nd5 27. h4 Qg7 28. h5 Nf6 29. hxg6+ fxg6 30. b4 Rg8 31. c4 Nd7 32. Nxg6 1-0

[Event "Laval op"]
[Site "Laval"]
[Date "2017.06.25"]
[Round "4"]
[White "Langlois Remillard, Alexis"]
[Black "Forget, Luc"]
[Result "1-0"]
[WhiteElo "1868"]
[BlackElo "1963"]
[PlyCount "117"]
[EventDate "2017.06.23"]
[EventType "swiss"]
[EventRounds "5"]
[EventCountry "CAN"]
[SourceTitle "CBM 179 Extra"]
[Source "ChessBase"]
[SourceDate "2017.08.23"]
[SourceVersion "1"]
[SourceVersionDate "2017.08.23"]
[SourceQuality "1"]

1. b3 d5 2. Bb2 Nf6 3. Nf3 Bf5 4. e3 e6 5. c4 Bd6 6. cxd5 exd5 7. Nd4 Bg4 8. Be2 Bxe2 9. Qxe2 0-0 10. Nc3 Nc6 11. Nf5 Ne7 12. Nxd6 Qxd6 13. Nb5 Qd7 14. Bxf6 gxf6 15. Rc1 Nc6 16. 0-0 a6 17. Nc3 f5 18. Qf3 Rad8 19. Ne2 f6 20. Ng3 Ne7 21. Qf4 c6 22. Nh5 Qe8 23. Qg3+ Ng6 24. Nf4 Rd7 25. b4 Kh8 26. a4 Nxf4 27. Qxf4 Qe4 28. Qxe4 fxe4 29. Rc5 f5 30. b5 axb5 31. axb5 cxb5 32. Rb1 d4 33. Rcxb5 dxe3 34. dxe3 Rff7 35. h3 Kg7 36. Kh2 Kf8 37. Kg3 Ke8 38. R1b2 Rg7+ 39. Kf4 Rxg2 40. Kxf5 Rh2 41. Rxb7 Rxf2+ 42. Kxe4 Rxb2 43. Rxb2 Re7+ 44. Kf4 Rf7+ 45. Kg4 Rg7+ 46. Kf3 Rf7+ 47. Ke2 Rf6 48. Rb4 Kf7 49. Rf4 Rxf4 50. exf4 Ke6 51. Ke3 Kf5 52. Kf3 Kf6 53. h4 h5 54. Ke4 Ke6 55. f5+ Kf6 56. Kf4 Kf7 57. Kg5 Kg7 58. Kxh5 Kf6 59. Kg4 1-0

[Event "Laval op"]
[Site "Laval"]
[Date "2017.06.24"]
[Round "2"]
[White "Zhong, Kevin"]
[Black "Forget, Luc"]
[Result "1/2-1/2"]
[WhiteElo "1576"]
[BlackElo "1963"]
[PlyCount "97"]
[EventDate "2017.06.23"]
[EventType "swiss"]
[EventRounds "5"]
[EventCountry "CAN"]
[SourceTitle "CBM 179 Extra"]
[Source "ChessBase"]
[SourceDate "2017.08.23"]
[SourceVersion "1"]
[SourceVersionDate "2017.08.23"]
[SourceQuality "1"]

1. e4 c6 2. d4 d5 3. exd5 cxd5 4. c4 Nf6 5. Nc3 Nc6 6. Bg5 e6 7. Nf3 Be7 8. c5 0-0 9. Bb5 Bd7 10. 0-0 Ne4 11. Bxe7 Qxe7 12. Rc1 Rfd8 13. Bxc6 Bxc6 14. Ne5 Rac8 15. b4 f6 16. Nxc6 bxc6 17. Re1 Nxc3 18. Rxc3 Qf7 19. Rce3 Re8 20. Qe2 Rb8 21. a3 a5 22. bxa5 Ra8 23. a6 Ra7 24. Rxe6 Qxe6 25. Qxe6+ Rxe6 26. Rxe6 Rxa6 27. Re3 Ra4 28. Rd3 Kf7 29. g3 h5 30. Kg2 g5 31. Kf3 Ke6 32. g4 h4 33. Ke3 Rc4 34. Rb3 Ra4 35. f3 Rc4 36. Rb6 Rc3+ 37. Kf2 Rc2+ 38. Kg1 Rc1+ 39. Kg2 Rc2+ 40. Kh3 Rc3 41. Rxc6+ Kf7 42. Rd6 Rxf3+ 43. Kg2 Rxa3 44. Rxd5 Ra2+ 45. Kg1 Ra1+ 46. Kf2 Ra2+ 47. Kg1 Ra1+ 48. Kf2 Ra2+ 49. Kg1 1/2-1/2

[Event "Laval op"]
[Site "Laval"]
[Date "2017.06.23"]
[Round "1"]
[White "Forget, Luc"]
[Black "Guipi Bopala, Prince Eric Jr"]
[Result "0-1"]
[WhiteElo "1963"]
[BlackElo "1616"]
[PlyCount "76"]
[EventDate "2017.06.23"]
[EventType "swiss"]
[EventRounds "5"]
[EventCountry "CAN"]
[SourceTitle "CBM 179 Extra"]
[Source "ChessBase"]
[SourceDate "2017.08.23"]
[SourceVersion "1"]
[SourceVersionDate "2017.08.23"]
[SourceQuality "1"]

1. d4 f5 2. c4 e6 3. g3 Nf6 4. Bg2 d5 5. Nf3 c6 6. 0-0 Bd6 7. b3 Qe7 8. Bb2 0-0 9. Nbd2 Ne4 10. Ne5 b6 11. Qc2 Bb7 12. Rad1 Na6 13. f3 Nb4 14. Qb1 Nxd2 15. Rxd2 a5 16. f4 Rad8 17. e3 c5 18. Rfd1 Bxe5 19. dxe5 Qf7 20. a3 Na6 21. cxd5 exd5 22. e4 fxe4 23. Bxe4 g6 24. Bg2 d4 25. Qd3 Bxg2 26. Kxg2 Qd5+ 27. Qf3 Nc7 28. b4 axb4 29. axb4 Nb5 30. bxc5 bxc5 31. Qxd5+ Rxd5 32. Rc1 Rc8 33. Rc4 Kf7 34. Rd1 Ra8 35. Ra1 Rxa1 36. Bxa1 d3 37. Rc1 d2 38. Rd1 c4 0-1

[Event "Montreal CMA Futurity ABCD"]
[Site "Montreal"]
[Date "2017.04.16"]
[Round "4"]
[White "Abbas, Talal"]
[Black "Forget, Luc"]
[Result "0-1"]
[WhiteElo "1945"]
[BlackElo "1968"]
[PlyCount "64"]
[EventDate "2017.04.14"]
[EventType "swiss"]
[EventRounds "5"]
[EventCountry "CAN"]
[SourceTitle "EXT 2022"]
[Source "ChessBase"]
[SourceDate "2021.10.06"]
[SourceVersion "1"]
[SourceVersionDate "2021.10.06"]
[SourceQuality "1"]

1. c4 c5 2. Nc3 Nf6 3. g3 d5 4. cxd5 Nxd5 5. Bg2 Nc7 6. d3 e5 7. Nf3 Nc6 8. 0-0 Be7 9. Be3 Bd7 10. Rc1 0-0 11. Qd2 f6 12. Ne1 Rc8 13. Nd5 b6 14. Nxe7+ Qxe7 15. f4 Rfe8 16. Rf2 Nd4 17. fxe5 Qxe5 18. Bxd4 Qxd4 19. Rc4 Qd6 20. Qf4 Qxf4 21. Rcxf4 Ne6 22. Bd5 Bc6 23. Bxe6+ Rxe6 24. Nc2 Rce8 25. e3 Kf7 26. b4 cxb4 27. Rxb4 Bb7 28. Rff4 Rc8 29. Rbc4 Rcc6 30. Rxc6 Rxc6 31. Nb4 Rc5 32. Rh4 a5 0-1

[Event "Montreal CMA Futurity ABCD"]
[Site "Montreal"]
[Date "2017.04.15"]
[Round "3"]
[White "Turcotte, Jonathan"]
[Black "Forget, Luc"]
[Result "1-0"]
[WhiteElo "1970"]
[BlackElo "1968"]
[PlyCount "107"]
[EventDate "2017.04.14"]
[EventType "swiss"]
[EventRounds "5"]
[EventCountry "CAN"]
[SourceTitle "EXT 2022"]
[Source "ChessBase"]
[SourceDate "2021.10.06"]
[SourceVersion "1"]
[SourceVersionDate "2021.10.06"]
[SourceQuality "1"]

1. d4 Nf6 2. c4 e6 3. Nf3 b6 4. g3 Bb4+ 5. Bd2 Be7 6. Nc3 Bb7 7. Bg2 d5 8. cxd5 exd5 9. 0-0 0-0 10. Rc1 h6 11. a3 c5 12. Bf4 Nc6 13. dxc5 bxc5 14. Ne5 g5 15. Nxc6 Bxc6 16. Bd2 Qb6 17. h4 Ne4 18. Nxe4 dxe4 19. hxg5 hxg5 20. Qc2 Rac8 21. Bxe4 Bxe4 22. Qxe4 Bf6 23. Rc2 Rfe8 24. Qf5 Qe6 25. Qxe6 Rxe6 26. Be3 a6 27. Rfc1 Rb8 28. Bxc5 Rxb2 29. Rxb2 Bxb2 30. Rc2 Bf6 31. Be3 Kg7 32. Kg2 Be7 33. Bd4+ Kg6 34. a4 Rd6 35. e3 Re6 36. g4 a5 37. Rc8 f6 38. Ra8 Bb4 39. Rb8 Rc6 40. Rb6 Rd6 41. Rxd6 Bxd6 42. Kf3 f5 43. gxf5+ Kxf5 44. e4+ Kg6 45. e5 Bb4 46. Ke4 Be7 47. Bc3 Bc5 48. f3 Bb6 49. e6 Bc7 50. Be5 Bd8 51. Bd6 Bb6 52. Ke5 Kg7 53. Kf5 Be3 54. Be7 1-0

[Event "Quebec Montcalm op"]
[Site "Quebec"]
[Date "2017.01.07"]
[Round "3"]
[White "Forget, Luc"]
[Black "Lessard, Claude"]
[Result "1/2-1/2"]
[WhiteElo "2011"]
[BlackElo "2229"]
[PlyCount "143"]
[EventDate "2017.01.06"]
[EventType "swiss"]
[EventRounds "5"]
[EventCountry "CAN"]
[SourceTitle "EXT 2022"]
[Source "ChessBase"]
[SourceDate "2021.10.06"]
[SourceVersion "1"]
[SourceVersionDate "2021.10.06"]
[SourceQuality "1"]

1. d4 Nf6 2. Nf3 g6 3. c4 c5 4. d5 b5 5. cxb5 a6 6. bxa6 Bxa6 7. Nc3 Qa5 8. Nd2 Bg7 9. e4 Bxf1 10. Kxf1 d6 11. g3 Nbd7 12. Kg2 0-0 13. Re1 Qa6 14. a4 Ne5 15. Nb5 Rab8 16. Ra3 c4 17. h3 Rfc8 18. Rf1 Nd3 19. Qe2 Nh5 20. Nxc4 Rxc4 21. Qxd3 Rxa4 22. Rxa4 Qxa4 23. Nc3 Qb3 24. Re1 Rc8 25. Re2 Nf6 26. Be3 Nd7 27. Qb5 Qxb5 28. Nxb5 Rc4 29. f3 Rb4 30. Nc3 Ne5 31. Na2 Rb5 32. Rc2 f5 33. b4 Nd3 34. Bd2 fxe4 35. fxe4 Rb8 36. h4 h5 37. Kf1 Rf8+ 38. Ke2 Nf2 39. Rc4 Be5 40. Bf4 Bxf4 41. gxf4 Rxf4 42. b5 Ng4 43. b6 Rf2+ 44. Ke1 Rxa2 45. b7 Rb2 46. Rc8+ Kf7 47. b8Q Rxb8 48. Rxb8 Kf6 49. Re8 Kf7 50. Ra8 Nf6 51. Ra4 Nd7 52. Ke2 Nc5 53. Rb4 Kf6 54. Ke3 g5 55. hxg5+ Kxg5 56. Kd4 h4 57. e5 h3 58. exd6 exd6 59. Rb8 Kg4 60. Rg8+ Kf3 61. Rf8+ Kg2 62. Rg8+ Kh1 63. Rg6 h2 64. Rxd6 Kg2 65. Rg6+ Kh1 66. d6 Nd7 67. Kd5 Nc5 68. Rh6 Nd7 69. Ke6 Nc5+ 70. Ke7 Kg2 71. Rg6+ Kf1 72. Rh6 1/2-1/2

[Event "Quebec-ch op"]
[Site "Montreal"]
[Date "2016.07.29"]
[Round "8"]
[White "Barre, Michel"]
[Black "Forget, Luc"]
[Result "1/2-1/2"]
[WhiteElo "1942"]
[BlackElo "1986"]
[PlyCount "75"]
[EventDate "2016.07.23"]
[EventType "swiss"]
[EventRounds "8"]
[EventCountry "CAN"]
[SourceTitle "CBM 173 Extra"]
[Source "ChessBase"]
[SourceDate "2016.08.29"]
[SourceVersion "1"]
[SourceVersionDate "2016.08.29"]
[SourceQuality "1"]

1. Nf3 d5 2. c4 Nf6 3. b3 e6 4. g3 c5 5. Bg2 Be7 6. e3 0-0 7. 0-0 Nc6 8. Bb2 Rb8 9. Qe2 dxc4 10. bxc4 b6 11. Nc3 Bb7 12. Rfd1 Qc8 13. Rac1 Rd8 14. d4 cxd4 15. exd4 Na5 16. Nb5 a6 17. Ba3 Bxa3 18. Nxa3 Qc6 19. Ne1 Qa4 20. Qb2 Bxg2 21. Nxg2 Rb7 22. Ne3 Rbd7 23. Nb1 Rd6 24. Nc3 Qd7 25. Ne2 Nc6 26. c5 bxc5 27. dxc5 Rxd1+ 28. Rxd1 Qc7 29. Rxd8+ Nxd8 30. Qa3 Ne4 31. Qxa6 Nxc5 32. Qa8 h6 33. Nd4 Qd7 34. Nb3 Nxb3 35. axb3 Kh7 36. b4 Nb7 37. Qa6 g6 38. Qc4 1/2-1/2

[Event "Quebec-ch op"]
[Site "Montreal"]
[Date "2016.07.23"]
[Round "1"]
[White "Forget, Luc"]
[Black "Voskanyan, Vahagn"]
[Result "0-1"]
[WhiteElo "1986"]
[BlackElo "2208"]
[PlyCount "54"]
[EventDate "2016.07.23"]
[EventType "swiss"]
[EventRounds "8"]
[EventCountry "CAN"]
[SourceTitle "CBM 173 Extra"]
[Source "ChessBase"]
[SourceDate "2016.08.29"]
[SourceVersion "1"]
[SourceVersionDate "2016.08.29"]
[SourceQuality "1"]

1. d4 Nf6 2. c4 e6 3. Nc3 Bb4 4. e3 0-0 5. Nf3 b6 6. Bd3 Bb7 7. Qc2 d5 8. a3 Bxc3+ 9. bxc3 Nbd7 10. cxd5 exd5 11. 0-0 Re8 12. a4 a5 13. Ba3 Ne4 14. Bb5 Rc8 15. Rac1 c6 16. Bd3 c5 17. dxc5 Ndxc5 18. Rfd1 Qf6 19. Bb2 Nxd3 20. Rxd3 Qg6 21. Rd4 Rc5 22. Rcd1 Rec8 23. Ne5 Qg5 24. Nd7 Nxc3 25. Bxc3 Rxc3 26. Qb2 Rc2 27. Qb3 Qf5 0-1

[Event "Montreal Varennes op"]
[Site "Montreal"]
[Date "2014.11.09"]
[Round "4"]
[White "Forget, Luc"]
[Black "Saha, Ananda"]
[Result "1-0"]
[WhiteElo "1962"]
[BlackElo "1803"]
[PlyCount "43"]
[EventDate "2014.11.07"]
[EventType "swiss"]
[EventRounds "5"]
[EventCountry "CAN"]
[SourceTitle "EXT 2022"]
[Source "ChessBase"]
[SourceDate "2021.10.06"]
[SourceVersion "1"]
[SourceVersionDate "2021.10.06"]
[SourceQuality "1"]

1. d4 d5 2. c4 e6 3. Nc3 c6 4. Nf3 dxc4 5. a4 Bd7 6. e3 b5 7. Ne5 b4 8. Ne4 c3 9. bxc3 bxc3 10. Bd3 Nf6 11. 0-0 Bb4 12. Ba3 Bxa3 13. Rxa3 Nxe4 14. Bxe4 0-0 15. Rxc3 f6 16. Nxd7 Qxd7 17. Qc2 Rc8 18. Bxh7+ Kh8 19. Bg6 Qd5 20. Rc5 Qd6 21. Qe2 Kg8 22. Qh5 1-0

[Event "Montreal Varennes op"]
[Site "Montreal"]
[Date "2014.11.07"]
[Round "1"]
[White "Hirschberg, Valerian"]
[Black "Forget, Luc"]
[Result "1-0"]
[WhiteElo "2332"]
[BlackElo "1962"]
[PlyCount "51"]
[EventDate "2014.11.07"]
[EventType "swiss"]
[EventRounds "5"]
[EventCountry "CAN"]
[SourceTitle "EXT 2022"]
[Source "ChessBase"]
[SourceDate "2021.10.06"]
[SourceVersion "1"]
[SourceVersionDate "2021.10.06"]
[SourceQuality "1"]

1. Nf3 Nf6 2. c4 c5 3. g3 d5 4. cxd5 Nxd5 5. Bg2 Nc6 6. Nc3 Nc7 7. 0-0 e5 8. a3 Be7 9. b4 0-0 10. b5 Nd4 11. Nxe5 Bf6 12. Nd3 Ndxb5 13. Nxc5 Nxc3 14. dxc3 Qxd1 15. Rxd1 Bxc3 16. Rb1 Ne6 17. Be3 Bf6 18. Nxb7 Bxb7 19. Bxb7 Rad8 20. Bxa7 Bd4 21. Bxd4 Nxd4 22. e3 Ne2+ 23. Kf1 Nc3 24. Rxd8 Rxd8 25. Rc1 Na4 26. Rc8 1-0

[Event "Montreal Mercredi 10"]
[Site "Montreal"]
[Date "2014.10.22"]
[Round "2"]
[White "Destree, Frederic"]
[Black "Forget, Luc"]
[Result "0-1"]
[WhiteElo "1903"]
[BlackElo "1962"]
[PlyCount "108"]
[EventDate "2014.10.15"]
[EventType "swiss"]
[EventRounds "5"]
[EventCountry "CAN"]
[SourceTitle "EXT 2022"]
[Source "ChessBase"]
[SourceDate "2021.10.06"]
[SourceVersion "1"]
[SourceVersionDate "2021.10.06"]
[SourceQuality "1"]

1. Nf3 Nf6 2. g3 d5 3. Bg2 c6 4. 0-0 Bg4 5. d3 Nbd7 6. Nbd2 e6 7. Re1 Be7 8. h3 Bh5 9. b3 0-0 10. Bb2 Qc7 11. c4 a5 12. e4 dxe4 13. Nxe4 Nxe4 14. dxe4 a4 15. Qc2 axb3 16. axb3 Bg6 17. Qc3 Bf6 18. e5 Be7 19. b4 Nb6 20. Qb3 Rxa1 21. Bxa1 Rd8 22. Nd4 Qb8 23. Bxc6 Rxd4 24. Bxd4 bxc6 25. Ra1 h6 26. Ra6 Nd7 27. Qa4 Qxb4 28. Qxc6 Qe1+ 29. Kh2 Be4 30. Qc8+ Kh7 31. Ra1 Qd2 32. Qxd7 Bc5 33. Qxf7 Bxd4 34. Rf1 Bf5 35. Qb7 Qe2 36. Qg2 Bd3 37. Rc1 Bb2 38. Rg1 Bxc4 39. f4 Bd4 40. Qxe2 Bxe2 41. Rg2 Bf3 42. Rd2 Bc5 43. Rc2 Bf8 44. Kg1 h5 45. Kf2 Bd5 46. g4 Kg6 47. Rd2 Bc5+ 48. Kg3 Be3 49. Rd3 h4+ 50. Kxh4 Bf2+ 51. Rg3 Bf3 52. f5+ exf5 53. gxf5+ Kxf5 54. e6 Kf4 0-1

[Event "Canadian op U2400"]
[Site "Montreal"]
[Date "2014.07.23"]
[Round "6"]
[White "Forget, Luc"]
[Black "Nikulich, Oleksandr"]
[Result "1/2-1/2"]
[WhiteElo "1998"]
[BlackElo "2008"]
[PlyCount "74"]
[EventDate "2014.07.19"]
[EventType "swiss"]
[EventRounds "9"]
[EventCountry "CAN"]
[SourceTitle "EXT 2022"]
[Source "ChessBase"]
[SourceDate "2021.10.06"]
[SourceVersion "1"]
[SourceVersionDate "2021.10.06"]
[SourceQuality "1"]

1. d4 f5 2. g3 Nf6 3. Bg2 g6 4. Nh3 Bg7 5. 0-0 0-0 6. c4 d6 7. Nc3 e5 8. dxe5 dxe5 9. Qxd8 Rxd8 10. Bg5 c6 11. Rad1 Re8 12. Rd6 Be6 13. Nd5 cxd5 14. Bxf6 Bxf6 15. Rxe6 Rxe6 16. Bxd5 Kf7 17. Bxb7 Rb6 18. Bxa8 Rxb2 19. Rc1 Ke7 20. c5 Kd7 21. Bd5 Rxe2 22. Rb1 Kc8 23. c6 Rc2 24. Be6+ Kc7 25. Rb7+ Kd6 26. Bd7 Nxd7 27. Rxd7+ Kxc6 28. Rxa7 Kd6 29. Kf1 h6 30. Ng1 Ke6 31. h4 f4 32. Ra6+ Kf7 33. Ra7+ Be7 34. gxf4 exf4 35. Nf3 Ke8 36. Ra8+ Kf7 37. Ra7 Ke8 1/2-1/2

[Event "Canadian op U2400"]
[Site "Montreal"]
[Date "2014.07.21"]
[Round "4"]
[White "Forget, Luc"]
[Black "De Lagrave, Sylvain"]
[Result "0-1"]
[WhiteElo "1998"]
[BlackElo "1911"]
[PlyCount "132"]
[EventDate "2014.07.19"]
[EventType "swiss"]
[EventRounds "9"]
[EventCountry "CAN"]
[SourceTitle "EXT 2022"]
[Source "ChessBase"]
[SourceDate "2021.10.06"]
[SourceVersion "1"]
[SourceVersionDate "2021.10.06"]
[SourceQuality "1"]

1. d4 Nf6 2. c4 c5 3. d5 e5 4. Nc3 d6 5. e4 Nbd7 6. Bd3 Be7 7. Nge2 h5 8. h3 h4 9. Be3 a6 10. a4 Nh7 11. a5 Bg5 12. Qd2 Bxe3 13. Qxe3 g5 14. Bc2 Ndf8 15. Ba4+ Bd7 16. g4 Bxa4 17. Rxa4 Nd7 18. 0-0 Nhf8 19. Rfa1 f6 20. Nc1 Rh7 21. Nd3 Rc8 22. Qf3 Ng6 23. Ne2 Nf4 24. Nexf4 exf4 25. Qd1 Qe7 26. Qc2 Ne5 27. Nxe5 Qxe5 28. R4a3 Re7 29. f3 Rcc7 30. Rb3 Kd8 31. Raa3 Red7 32. Rb6 Qd4+ 33. Kf1 Ke7 34. Rab3 Kf7 35. Rd3 Qe5 36. Qc3 Ke7 37. Ke2 Kd8 38. Kf2 Kc8 39. Qc2 Kd8 40. Ke2 Ke7 41. Rd1 Kd8 42. Qd3 Ke7 43. Rb1 Kf7 44. Kd2 Ke7 45. Qc3 Ke8 46. b4 cxb4 47. R1xb4 Qxc3+ 48. Kxc3 Kd8 49. Kd3 Kc8 50. c5 Rxc5 51. Rc4 Rxc4 52. Kxc4 Rc7+ 53. Kd4 Kd7 54. e5 fxe5+ 55. Ke4 Rc4+ 56. Kf5 Rc3 57. Rxb7+ Kc8 58. Rb6 Rxf3 59. Rxd6 Rxh3 60. Kxg5 f3 61. Rc6+ Kd7 62. Rc2 Rg3 63. Kxh4 Rg2 64. Rc1 e4 65. Kg5 f2 66. Kf4 Rg1 0-1

[Event "Mauricie op"]
[Site "Trois Rivieres "]
[Date "2014.03.16"]
[Round "4"]
[White "Forget, Luc"]
[Black "Luksza, Arkadiusz"]
[Result "0-1"]
[WhiteElo "2009"]
[BlackElo "2157"]
[PlyCount "118"]
[EventDate "2014.03.14"]
[EventType "swiss"]
[EventRounds "5"]
[EventCountry "CAN"]
[SourceTitle "EXT 2015"]
[Source "ChessBase"]
[SourceDate "2014.11.20"]
[SourceVersion "1"]
[SourceVersionDate "2014.11.20"]
[SourceQuality "1"]

1. c4 e6 2. Nc3 d5 3. d4 Nf6 4. Nf3 c6 5. Bg5 h6 6. Bh4 Nbd7 7. e3 Be7 8. Bd3 dxc4 9. Bxc4 Nd5 10. Bxe7 Qxe7 11. Rc1 N7b6 12. Bb3 a5 13. 0-0 Nxc3 14. Rxc3 a4 15. Bc2 Nd5 16. Rc5 a3 17. Qd2 b6 18. Rxc6 Bd7 19. Rc4 Bb5 20. b3 Bxc4 21. bxc4 Nf6 22. Rb1 Nd7 23. Be4 Rc8 24. Qd3 0-0 25. Bb7 Rc7 26. Ba6 e5 27. Qe4 Re8 28. Bb5 exd4 29. Qxd4 Qc5 30. h3 Re7 31. Rd1 Qxd4 32. exd4 Re2 33. Rd2 Rxd2 34. Nxd2 Kf8 35. Kf1 Ke7 36. Ke2 f5 37. Kd3 Nf6 38. Nb1 Ne4 39. Nc3 Nxc3 40. Kxc3 Kd6 41. Kb3 Ra7 42. Kb4 f4 43. c5+ bxc5+ 44. dxc5+ Kc7 45. Be2 Ra8 46. Bf3 Rb8+ 47. Kxa3 Rb5 48. c6 Kb6 49. Ka4 Rb2 50. Ka3 Rb5 51. Ka4 g5 52. c7 Rc5 53. Kb4 Rxc7 54. a4 Rc2 55. Kb3 Rxf2 56. Kc4 Rd2 57. Kc3 Rd8 58. Kc4 Ka5 59. h4 gxh4 0-1